| 000 | 00427nam a2200145Ia 4500 | ||
|---|---|---|---|
| 008 | 210210b1983 xxu||||| |||| 00| 0 eng d | ||
| 082 | _a796.358 HODC | ||
| 100 | _aHODGSON (Derek), Ed. | ||
| 245 | _aCricket world cup: full story of the 1983 prudential world cup. | ||
| 260 |
_aGreat Britain. _bGeorge Allen & Unwin Ltd. _c1983 |
||
| 300 | _a48 | ||
| 650 | _aCricket | ||
| 690 | _aAthletic & Outdoor Sports | ||
| 906 | _a036110 | ||
| 999 |
_c86442 _d86442 |
||